000 00284nam a22001337a 4500
008 171009b xxu||||| |||| 00| 0 eng d
020 _ailyuamnoj58vg
041 _aeng
080 _a159.9
100 _a49
101 _aPSI
245 _aSTUDY GUIDE
_cBERGER, K.S
942 _2udc
_cBK
999 _c32612
_d32612